Normal view
MARC view
- Eddebiyatta şifreler
Entry Topical Term
001 - CONTROL NUMBER
- control field: 150233
003 - CONTROL NUMBER IDENTIFIER
- control field: TR-AnTOB
005 - DATE AND TIME OF LATEST TRANSACTION
- control field: 20251007163520.0
008 - FIXED-LENGTH DATA ELEMENTS
- fixed length control field: 940523 | anannbabn |n ana
010 ## - LIBRARY OF CONGRESS CONTROL NUMBER
- LC control number: sh 94003534
035 ## - SYSTEM CONTROL NUMBER
- System control number: (DLC)sh 94003534
035 ## - SYSTEM CONTROL NUMBER
- System control number: (DLC)206233
040 ## - CATALOGING SOURCE
- Original cataloging agency: DLC
- Language of cataloging: eng
- Description conventions: rda
- Transcribing agency: DLC
- Modifying agency: TR-AnTOB
150 #7 - HEADING--TOPICAL TERM
- Topical term or geographic name entry element: Eddebiyatta şifreler
450 ## - SEE FROM TRACING--TOPICAL TERM
- Topical term or geographic name entry element: Ciphers in literature



